Asterix... czy Obelix - Statystyki

Ogólne statystyki
  • Ten quiz został rozwiązany 25 razy
  • Średni wynik to 9 z 15
Statystyki odpowiedzi
Zagadnienie Odpowiedź % Poprawnych
W dzieciństwie wpadł w magiczny eliksir. Obelix
100%
Jest niższy i jest ''mózgiem'' ich wypraw. Asterix
96%
Pojawia się w większości komiksów Asterix
92%
Ma psa Idefiksa Obelix
92%
Jest (zwykle) bardzo zakochany w Falbali. Obelix
83%
Nosi miecz. Asterix
79%
Urodził się jako pierwszy Asterix
71%
Dostarcza menhiry. Obelix
71%
Jest wymieniony w tytule pierwszej gry wideo opartej na licencji Asterix
67%
Jego postać sportretował Christian Clavier. Asterix
50%
Ma Astronomixa i Praline za rodziców. Asterix
33%
Ma monetę w obiegu z jego wizerunkiem. Asterix
29%
Obiekt krążący wokół ciała niebieskiego został nazwany jego imieniem. Obydwaj
17%
Ma co najmniej jedną atrakcję w Parc Astérix nazwaną jego imieniem (z wyłączeniem wystaw) Obelix
13%
Jest mistrzem Dogmatixa. Obelix
8%
Nie znaleziono quizów pasujących do podanych kryteriów
Rozkład punktacji
Procent ludzi z każdym wynikiem
Percentyl według liczby udzielonych odpowiedzi
Twoja historia wyników
Nie rozwiązałeś tego quizu